000 00758nam a2200229 a 4500
005 20160122200753.0
008 140312b1993 ck a gr|||| 00| 0 spa d
040 _aCO-BoIAVH
_cCO-BoIAVH
041 _aspa
044 _ack
082 4 _a307.1412
_bM53t
090 _aLB
_b03509
111 2 _aMemorias de los Talleres sobre Conservación y Desarrollo en el Medio Rural
_cBogotá
_d1993
_954084
245 1 _aConservación y desarrollo en el medio rural
_bmemorias
260 _aBogotá
_bWWF
_bPontificia Universidad Javeriana
_c1993
300 _a264 paginas.
_bilustraciones.;
_c24 x 17 cm
650 4 _aAmazonia- Orinoquia
_954067
650 4 _aValles interandinos
_954068
650 4 _aCosta pacifica
_954069
942 _cLIBRO
_2ddc
945 _d2004-03-26
999 _c3771
_d3771